| 000 | 01171nam a2200289 a 4500 | ||
|---|---|---|---|
| 001 | BRL_344 | ||
| 005 | 20190320210710.0 | ||
| 008 | 300713s1987----u--a######---#000-0#eng-# | ||
| 041 | _aengspa | ||
| 044 | _au | ||
| 050 | 4 |
_aGT4995 _b.P66 1987 |
|
| 100 | 1 |
_aPomar, María Teresa _923612 |
|
| 245 | 1 | 0 |
_aEl día de los muertos _bThe life of the dead in Mexican Folk Art _cessays by María Teresa Pomar. |
| 260 |
_aFort Worth, Texas _bFort Worth Art Museum _c1987 |
||
| 300 |
_aiv, 112 p. _bil. a color _c28 cm. |
||
| 500 | _aUna exposición organizada por el Museo de Fort Worth con la colaboración del Museo Nacional de Artes e Industrias Populares del Instituto Nacional Indigenista, Ciudad de México, e Intercultura, Fort Worth | ||
| 500 | _aEstado físico : presenta hojas desprendidas | ||
| 500 | _aAu335 | ||
| 546 | _aTexto en : inglés y español | ||
| 650 | 1 | 4 |
_aDía de muertos _vExposiciones _923613 |
| 650 | 1 | 4 |
_aArte popular _vExposiciones _zMéxico _91706 |
| 650 | 1 | 4 |
_aMuerte en el arte _923614 |
| 710 | 2 |
_aFort Worth Art Museum _923615 |
|
| 710 | 2 |
_aMuseo Nacional de Artes e Industrias Populares (México) _917004 |
|
| 902 | _aGRL | ||
| 942 |
_2lcc _cB |
||
| 999 |
_c9157 _d9157 |
||